| 000 | 00742nam a2200241 a 4500 | ||
|---|---|---|---|
| 999 |
_c5689 _d5689 |
||
| 001 | 5689 | ||
| 003 | BD-JhCC | ||
| 005 | 20181031134017.0 | ||
| 008 | 171219s2012 bg |||| ||a| 000 0 ben d | ||
| 020 | _a9847013310333 | ||
| 035 | _a(BD-JhCC)5689 | ||
| 040 |
_aBD-JhCC _dBD-JhCC |
||
| 041 | _aben | ||
| 082 |
_a347.30 _bKHA 2012 |
||
| 245 |
_aখেলাধুলার আইন কানুন / _cআবদুল হামিদ সম্পাদনা |
||
| 260 |
_aঢাকা : _bকাকলী প্রকাশনী, _c2012. |
||
| 300 |
_a674 p. : _c21 cm. |
||
| 650 |
_aProfessional Sports _xLaw And Legistation |
||
| 650 | _a Sports | ||
| 700 | _aহামিদ, আবদুল | ||
| 942 |
_2ddc _cBK _01 |
||